000 01084cam a2200277 a 4500
001 13388
003 BD-RjUL
005 20211208235439.0
008 140201m19961995ii b 001 0 eng d
020 _a8170365392
035 _aRLIN DCLC9538905-B from SDLBOD2 in RLG960606
_a(BD-RjUL)13439
040 _aDLC
_cDLC
_dDLC
_dBD-RjUL
_beng
041 _aeng
082 _a362.1782
_220
_bCHP 1996
100 1 _aChowdhury, Zafrullah,
_d1941-
_941734
245 0 4 _aThe politics of essential drugs :
_bthe makings of a successful health strategy : lessons from Bangladesh /
_c Zafrullah Chowdhury
260 _aNew Delhi :
_bVistaar Publications,
_cc1995 ,1996.
300 _axviii, 174 p. ;
_c22 cm
500 _aOriginally published in 1995 by Zed Books, London, in association with the Dag Hammarskjöld Centre, Uppsala, Sweden
504 _aIncludes bibliographical references and index
650 0 _aPharmaceutical policy
_xCase studies.
_941735
650 0 _aPharmaceutical policy
_zBangladesh.
_941736
942 _2ddc
_cBK
999 _c13388
_d13388